What makes it take? What makes it break?

Redakčne spracované skúsenosti a názory konzultačných firiem o tom, čo podporuje, alebo poškodzuje zavádzanie podnikových programov na zlepšenie akosti produkcie. Príklady situácií v podnikoch rôzneho zamerania. Psychologické aspekty, interakcia zamestnancov a vedenia. Podniková politika, úspechy a...

Ausführliche Beschreibung

Gespeichert in:
Bibliographische Detailangaben
1. Verfasser: Stratton, B.
Format: Buchkapitel
Sprache:Englisch
Schlagworte:
Tags: Tag hinzufügen
Keine Tags, Fügen Sie das erste Tag hinzu!

MARC

LEADER 00000naa a2200000 4500
001 r002632
005 20220819193153.9
041 0 |a eng 
044 |a US 
245 1 0 |a What makes it take? What makes it break?  |c B. Stratton 
520 |a Redakčne spracované skúsenosti a názory konzultačných firiem o tom, čo podporuje, alebo poškodzuje zavádzanie podnikových programov na zlepšenie akosti produkcie. Príklady situácií v podnikoch rôzneho zamerania. Psychologické aspekty, interakcia zamestnancov a vedenia. Podniková politika, úspechy a omyly. 
610 2 0 |a politika podniková 
610 2 0 |a riadenie kvality 
610 2 0 |a poradenstvo 
610 2 0 |a firmy 
610 2 0 |a kvalita výrobkov 
610 2 0 |a ciele podnikové 
610 2 0 |a psychológia práce 
100 1 |a Stratton, B.